[Event "Horst-Emscher - Düsseldorf 2"]
[Site "?"]
[Date "2024.01.28"]
[Round "5.5"]
[White "von Buenau, Heinrich"]
[Black "De Mie, Mariska"]
[Result "0-1"]
[WhiteElo "2202"]
[BlackElo "2053"]
[PlyCount "76"]
[EventDate "2024.??.??"]
[SourceVersionDate "2023.09.04"]

1. Nf3 d6 2. d4 g6 3. g3 Bg7 4. Bg2 Nd7 5. O-O e5 6. e4 Ne7 7. Nc3 O-O 8. b3 Nc6 9. Bg5 f6 10. Be3 exd4 11. Nxd4 Nde5 12. h3 Nxd4 13. Bxd4 Nc6 14. Be3 f5 15. Qd2 fxe4 16. Rad1 Qe7 17. Nd5 Qf7 18. Bxe4 Bxh3 19. Nf4 Qd7 20. Nxh3 Qxh3 21. Bg2 Qg4 22. Qd5+ Kh8 23. Qb5 Rae8 24. Qxb7 Nd4 25. Bxd4 Bxd4 26. Qd5 c5 27. Rd3 Re5 28. Qxd6 Ref5 29. Qd7 Qe2 30. Rxd4 Rxf2 31. Rxf2 Qxf2+ 32. Kh2 cxd4 33. Qxa7 Rf5 34. Qb8+ Kg7 35. Qc7+ Kh6 36. g4 Qh4+ 37. Bh3 Rf3 38. g5+ Qxg5 0-1

[Event "Horst-Emscher - Düsseldorf 2"]
[Site "?"]
[Date "2024.01.28"]
[Round "5.6"]
[White "Buschmann, Andreas"]
[Black "Klaska, Philipp Leon"]
[Result "0-1"]
[WhiteElo "2091"]
[BlackElo "2123"]
[PlyCount "68"]
[EventDate "2024.??.??"]
[SourceVersionDate "2023.09.04"]

1. d4 Nf6 2. c4 e6 3. Nf3 b6 4. g3 Ba6 5. b3 Bb7 6. Bg2 Bb4+ 7. Bd2 a5 8. Nc3 O-O 9. Qc2 d6 10. O-O Nbd7 11. a3 Bxc3 12. Bxc3 Be4 13. Qd1 Qc8 14. Nd2 Bxg2 15. Kxg2 Qb7+ 16. Kg1 a4 17. Re1 Ne4 18. Qc2 Nxc3 19. Qxc3 axb3 20. Qxb3 Ra5 21. Reb1 Rfa8 22. Qd3 h6 23. f4 Qa7 24. Rb3 e5 25. fxe5 dxe5 26. Qf5 Rd8 27. Rf1 f6 28. Qe6+ Kh8 29. Qe7 Qa8 30. Nf3 exd4 31. Nh4 Rg5 32. Rf5 Nc5 33. Rxg5 hxg5 34. Nf5 Rd7 0-1

[Event "Horst-Emscher - Düsseldorf 2"]
[Site "?"]
[Date "2024.01.28"]
[Round "5.7"]
[White "Mueller, Michael"]
[Black "Becker, Marco"]
[Result "1/2-1/2"]
[WhiteElo "2181"]
[BlackElo "1919"]
[PlyCount "224"]
[EventDate "2024.??.??"]
[SourceVersionDate "2023.09.04"]

1. e4 c6 2. d4 d5 3. e5 Bf5 4. Nd2 e6 5. Nb3 Ne7 6. a4 Nd7 7. Nf3 Rc8 8. a5 a6 9. Be3 Bg4 10. h3 Bxf3 11. Qxf3 Nf5 12. c3 c5 13. Bd2 Be7 14. g3 c4 15. Nc1 f6 16. exf6 Bxf6 17. Bg2 O-O 18. O-O Bg5 19. Qe2 Bxd2 20. Qxd2 Nf6 21. b4 cxb3 22. Nxb3 Ne4 23. Bxe4 dxe4 24. Qe1 Qd5 25. Rb1 e5 26. dxe5 Qxe5 27. Nd4 e3 28. f4 Qe4 29. Nxf5 Rxf5 30. Rb4 Qe7 31. Qe2 Rxa5 32. Rfb1 b5 33. c4 bxc4 34. Rxc4 Rd8 35. Rc3 Rad5 36. Qxe3 Qd7 37. Re1 Qxh3 38. Qe6+ Qxe6 39. Rxe6 Rd3 40. Rxd3 Rxd3 41. Kf2 a5 42. Ra6 Ra3 43. Ra7 h6 44. g4 Kh7 45. Ra6 Ra1 46. f5 a4 47. Ra7 Kg8 48. Kg2 a3 49. Kh2 a2 50. Kg2 Kf8 51. Kh2 Ke8 52. Kg2 Kd8 53. Kh2 Kc8 54. Kg2 Kb8 55. Ra3 Kc7 56. Ra6 Kb7 57. Ra5 Kb6 58. Ra3 Kb5 59. Ra8 Kb4 60. Rb8+ Kc3 61. Ra8 Kd4 62. Ra4+ Ke5 63. Kh2 Kf6 64. Ra7 Ke5 65. Ra4 Kd5 66. Kg2 Kc5 67. Kh2 Kb5 68. Ra8 Kb4 69. Rb8+ Kc3 70. Rc8+ Kd3 71. Ra8 Ke3 72. Kg2 Kf4 73. Ra4+ Kg5 74. Kh2 h5 75. gxh5 Kxh5 76. Ra7 Kh6 77. Kg2 Kh7 78. Ra6 Kg8 79. Ra7 Kf8 80. Kh2 Ke8 81. Kg2 Kd8 82. Kh2 Kc8 83. Kg2 Kb8 84. Ra3 Kb7 85. Ra5 Kb6 86. Ra8 Kc5 87. Ra5+ Kd4 88. Kh2 Ke4 89. Kg2 Kf4 90. Kh2 Kg5 91. Kg2 Kg4 92. Kh2 Kf4 93. Kg2 Kg5 94. Kh2 Rf1 95. f6+ Kxf6 96. Rxa2 Rf5 97. Kg3 Kg5 98. Ra3 Rb5 99. Rc3 g6 100. Ra3 Kh5 101. Rc3 g5 102. Ra3 Rb1 103. Rc3 Rg1+ 104. Kh2 Rg4 105. Rc8 Ra4 106. Rc3 Kh4 107. Rb3 Ra2+ 108. Kg1 g4 109. Rc3 g3 110. Rc8 Ra5 111. Rh8+ Kg4 112. Rg8+ Rg5 1/2-1/2

[Event "Horst-Emscher - Düsseldorf 2"]
[Site "?"]
[Date "2024.01.28"]
[Round "5.8"]
[White "Goeldenboog, Juergen"]
[Black "Berndt, Axel"]
[Result "0-1"]
[WhiteElo "1940"]
[BlackElo "2113"]
[PlyCount "132"]
[EventDate "2024.??.??"]
[SourceVersionDate "2023.09.04"]

1. d4 Nf6 2. c4 c5 3. e3 e6 4. Nf3 Be7 5. Be2 O-O 6. O-O b6 7. b3 Bb7 8. Bb2 d5 9. Nbd2 Nbd7 10. Ne5 Rc8 11. f4 Ne4 12. Nxe4 dxe4 13. Nxd7 Qxd7 14. dxc5 Qxd1 15. Rfxd1 Bxc5 16. Bd4 Rfd8 17. Bxc5 bxc5 18. Rxd8+ Rxd8 19. Rd1 Rxd1+ 20. Bxd1 f5 21. Kf2 Kf7 22. g4 h6 23. h4 fxg4 24. Bxg4 Kf6 25. Kg3 Bc6 26. Bh3 Be8 27. Bg4 Bg6 28. Bd1 Bf5 29. Be2 e5 30. fxe5+ Kxe5 31. Bd1 Kf6 32. Kf4 g5+ 33. hxg5+ hxg5+ 34. Kg3 Kg6 35. Be2 Kh6 36. Bd1 Bg6 37. Bc2 Kg7 38. Bd1 Kf6 39. Bg4 Bf7 40. Bd1 Kf5 41. Bg4+ Kf6 42. Bd1 Kg6 43. Bc2 Kf5 44. Bd1 Kf6 45. Bc2 Bg6 46. Bd1 Bf5 47. Be2 Kg7 48. Bd1 Kh6 49. Be2 Bg6 50. Bg4 a5 51. Bd7 Bh5 52. Bc6 Bf3 53. Bd5 Kg6 54. a3 Kf5 55. Bc6 Bd1 56. Bd7+ Ke5 57. Ba4 Kf6 58. Kf2 g4 59. Kg3 Kg5 60. Bd7 Bxb3 61. Bxg4 Bxc4 62. Bd1 Bd3 63. Kf2 c4 64. Ke1 c3 65. Ba4 Kg4 66. Kd1 Kf3 0-1

[Event "Oberhausen -  Nienberge"]
[Site "?"]
[Date "2024.01.28"]
[Round "5.1"]
[White "Mikeladze, Berdia"]
[Black "Becker, Marcel"]
[Result "0-1"]
[WhiteElo "2145"]
[BlackElo "2303"]
[PlyCount "48"]
[EventDate "2024.??.??"]
[SourceVersionDate "2023.09.04"]

1. Nf3 d5 2. d4 Nf6 3. Bf4 c5 4. dxc5 Nc6 5. e3 e6 6. c4 Bxc5 7. Nc3 O-O 8. Be2 Bb4 9. O-O Bxc3 10. bxc3 h6 11. Qc2 Qe7 12. Bg3 dxc4 13. Rfd1 e5 14. Bxc4 Bg4 15. Bb5 e4 16. Bd6 Qe6 17. Bxf8 exf3 18. Bxc6 bxc6 19. Bd6 Ne4 20. Bf4 Qg6 21. Rac1 Bf5 22. g3 Nxg3 23. fxg3 Bxc2 24. Rd6 f6 0-1

[Event "Oberhausen - Nienberge"]
[Site "?"]
[Date "2024.01.28"]
[Round "5.2"]
[White "Voge, Andreas"]
[Black "Remmeke, Hans"]
[Result "1/2-1/2"]
[WhiteElo "2026"]
[BlackElo "2094"]
[PlyCount "28"]
[EventDate "2024.??.??"]
[SourceVersionDate "2023.09.04"]

1. e4 Nf6 2. e5 Nd5 3. d4 d6 4. Nf3 dxe5 5. Nxe5 c6 6. c4 Nb4 7. Be3 Bf5 8. Nd3 e5 9. Nxb4 Bxb4+ 10. Nc3 O-O 11. dxe5 Qa5 12. Qb3 Nd7 13. Be2 Nxe5 14. O-O Rfe8 1/2-1/2

[Event "Oberhausen - Nienberge"]
[Site "?"]
[Date "2024.01.28"]
[Round "5.3"]
[White "Gottkehaskamp, Stefan"]
[Black "Hort, Vlastimil"]
[Result "1/2-1/2"]
[WhiteElo "2062"]
[BlackElo "2321"]
[PlyCount "28"]
[EventDate "2024.??.??"]
[SourceVersionDate "2023.09.04"]

1. d4 Nf6 2. Nf3 e6 3. Bf4 b6 4. e3 Bb7 5. Bd3 Be7 6. h3 O-O 7. O-O c5 8. c3 d5 9. Nbd2 cxd4 10. exd4 Ba6 11. Bxa6 Nxa6 12. Ne5 Nb8 13. Qa4 Qe8 14. Qb3 Nc6 1/2-1/2

[Event "Oberhausen - Nienberge"]
[Site "?"]
[Date "2024.01.28"]
[Round "5.4"]
[White "Kummerow, Heiko"]
[Black "Kemper, Georg"]
[Result "1-0"]
[WhiteElo "2113"]
[BlackElo "1981"]
[PlyCount "85"]
[EventDate "2024.??.??"]
[SourceVersionDate "2023.09.04"]

1. e4 e6 2. d4 d5 3. Nd2 Nc6 4. Ngf3 Nf6 5. e5 Nd7 6. Be2 f6 7. exf6 Qxf6 8. Nf1 Bd6 9. Ne3 O-O 10. O-O Qg6 11. c4 Nf6 12. c5 Be7 13. Bb5 Bd7 14. a4 a6 15. Bxc6 Bxc6 16. Ne5 Qe8 17. Qc2 Bd7 18. Bd2 c6 19. Ba5 Qh5 20. Qb3 Bc8 21. Rfe1 Ne4 22. f3 Nxc5 23. Qa3 Bd6 24. Bb4 Bxe5 25. dxe5 b6 26. a5 Rf7 27. Bxc5 bxc5 28. Qxc5 Qxe5 29. Nc4 Qc7 30. Nb6 Rb8 31. Rac1 Bd7 32. Re2 e5 33. Nxd5 Qd8 34. Nb6 Be8 35. Rxe5 Rf8 36. Rce1 Qd2 37. R5e2 Qh6 38. Qc4+ Bf7 39. Qxa6 Rbd8 40. Qa7 Rd4 41. Nd7 Rh4 42. Nxf8 Rxh2 43. Qe7 1-0

[Event "Oberhausen - Nienberge"]
[Site "?"]
[Date "2024.01.28"]
[Round "5.5"]
[White "Haas, Kai Markus"]
[Black "Alkhazashvili, Ololi"]
[Result "0-1"]
[WhiteElo "1972"]
[BlackElo "2175"]
[PlyCount "70"]
[EventDate "2024.??.??"]
[SourceVersionDate "2023.09.04"]

1. f4 d5 2. b3 c5 3. e3 Nh6 4. Bb2 Nc6 5. Nf3 Bg4 6. Bb5 Rc8 7. O-O a6 8. Bxc6+ Rxc6 9. Qe1 f6 10. h3 Bc8 11. Nc3 g6 12. Ne2 Bg7 13. g4 O-O 14. Ng3 Re8 15. Qf2 b5 16. Rae1 b4 17. d3 a5 18. Qg2 a4 19. e4 axb3 20. axb3 Ra6 21. Ra1 c4 22. Bd4 cxd3 23. cxd3 Nf7 24. e5 fxe5 25. fxe5 Rxa1 26. Rxa1 Qc7 27. Qe2 Rf8 28. Nf1 Nd8 29. N1d2 Ne6 30. Qe3 Rf4 31. Re1 Bh6 32. Bb6 Rxf3 33. Bxc7 Rxe3 34. Rc1 Rxd3 35. Ba5 Bb7 0-1

[Event "Oberhausen - Nienberge"]
[Site "?"]
[Date "2024.01.28"]
[Round "5.6"]
[White "Mancic, Ivan"]
[Black "Wetterau, Georg"]
[Result "1-0"]
[WhiteElo "2148"]
[BlackElo "1840"]
[PlyCount "33"]
[EventDate "2024.??.??"]
[SourceVersionDate "2023.09.04"]

1. d4 Nf6 2. c4 e5 3. dxe5 Ne4 4. Nf3 Nc6 5. e3 Bb4+ 6. Nbd2 Qe7 7. a3 Nxd2 8. Nxd2 Bxd2+ 9. Bxd2 Nxe5 10. Bc3 O-O 11. Be2 d6 12. O-O Bf5 13. Qd4 c5 14. Qf4 Bd3 15. Bxd3 Nxd3 16. Qg3 Ne5 17. f4 1-0

[Event "Oberhausen - Nienberge"]
[Site "?"]
[Date "2024.01.28"]
[Round "5.7"]
[White "Althoff, Franz"]
[Black "Nissen, Claus"]
[Result "1/2-1/2"]
[WhiteElo "2097"]
[BlackElo "2126"]
[PlyCount "38"]
[EventDate "2024.??.??"]
[SourceVersionDate "2023.09.04"]

1. Nf3 d5 2. e3 Nf6 3. c4 c6 4. Nc3 e6 5. d4 Nbd7 6. Bd3 Bd6 7. O-O O-O 8. b3 Re8 9. e4 dxe4 10. Nxe4 Nxe4 11. Bxe4 e5 12. Qc2 h6 13. Bb2 exd4 14. Bxd4 Nc5 15. Bh7+ Kh8 16. Rad1 Qc7 17. Bxc5 Bxc5 18. Bf5 b6 19. Bxc8 Raxc8 1/2-1/2

[Event "Oberhausen - Nienberge"]
[Site "?"]
[Date "2024.01.28"]
[Round "5.8"]
[White "Krueger, Andre"]
[Black "van Ackeren, Franz"]
[Result "0-1"]
[WhiteElo "1929"]
[BlackElo "2093"]
[PlyCount "82"]
[EventDate "2024.??.??"]
[SourceVersionDate "2023.09.04"]

1. c4 g6 2. Nc3 Bg7 3. Nf3 c5 4. g3 Nc6 5. Bg2 a6 6. d3 Rb8 7. Bf4 d6 8. Rb1 b5 9. O-O b4 10. Na4 e5 11. Bd2 Nge7 12. Ne1 Bd7 13. b3 Qc8 14. Nc2 Bh3 15. e4 O-O 16. Qe2 Bxg2 17. Kxg2 f5 18. f3 h5 19. Bg5 Qe6 20. Nb2 Bf6 21. Qd2 Rf7 22. Rbe1 f4 23. Bxf6 Qxf6 24. Re2 g5 25. Ref2 Ng6 26. Na4 Rg7 27. Kh1 Qe6 28. Rg1 g4 29. Qd1 Rbb7 30. Rfg2 Rbf7 31. fxg4 f3 32. Rf2 hxg4 33. Nb6 a5 34. Nd5 Nd4 35. Nxd4 exd4 36. Qd2 Qe5 37. Ra1 Rh7 38. Kg1 Rh3 39. Kf1 Qxg3 40. Ke1 Qg1+ 41. Rf1 Qxh2 0-1

[Event "Essen-Werden - Aachen 2 "]
[Site "?"]
[Date "2024.01.28"]
[Round "5.2"]
[White "Kauch, Markus"]
[Black "Ngo, Quang Thai"]
[Result "1-0"]
[WhiteElo "2117"]
[BlackElo "2130"]
[PlyCount "49"]
[EventDate "2024.??.??"]
[SourceVersionDate "2023.09.04"]

1. d4 Nf6 2. Nf3 d5 3. c4 e6 4. g3 dxc4 5. Bg2 a6 6. O-O Nc6 7. Nbd2 b5 8. b3 c3 9. Nb1 b4 10. a3 Bb7 11. axb4 Bxb4 12. Qd3 e5 13. Nxc3 Nxd4 14. Nxd4 Bxg2 15. Kxg2 Qxd4 16. Qxd4 exd4 17. Nb5 Nd5 18. Ba3 axb5 19. Bxb4 O-O-O 20. Bc5 Nc3 21. Bxd4 Nxe2 22. Bxg7 Rhe8 23. Ra5 Nf4+ 24. gxf4 Rg8 25. Ra8+ 1-0

[Event "Essen-Werden - Aachen 2 "]
[Site "?"]
[Date "2024.01.28"]
[Round "5.3"]
[White "Bodicky, Michal"]
[Black "Roth, Markus"]
[Result "1-0"]
[WhiteElo "2207"]
[BlackElo "2192"]
[PlyCount "81"]
[EventDate "2024.??.??"]
[SourceVersionDate "2023.09.04"]

1. d4 d5 2. c4 dxc4 3. e3 Nc6 4. Nf3 e5 5. Bxc4 e4 6. Nfd2 Qg5 7. g3 Nf6 8. Nc3 Qg6 9. f3 exf3 10. Nxf3 Bd6 11. Nh4 Qg4 12. Qxg4 Bxg4 13. O-O O-O 14. Nf5 Bh3 15. Rf2 Bb4 16. Nh6+ gxh6 17. Rxf6 Kg7 18. Rf2 Rad8 19. a3 Be7 20. Bd2 Na5 21. Ba2 b6 22. Nd5 Bd6 23. Nf4 Bxf4 24. Rxf4 Nb7 25. e4 Rd6 26. e5 Rg6 27. Rh4 Bf5 28. Rf1 Bd3 29. Rf3 Be2 30. Rf2 Bd3 31. Rf3 Be2 32. Rf2 Bd3 33. Rhf4 Nd8 34. Bb4 Rg8 35. Bxf7 Nxf7 36. Rxf7+ Kh8 37. Rxc7 h5 38. d5 h4 39. e6 Re8 40. e7 hxg3 41. Rf8+ 1-0

[Event "Essen-Werden - Aachen 2 "]
[Site "?"]
[Date "2024.01.28"]
[Round "5.4"]
[White "Mann, Gergely"]
[Black "Lamby, Philipp"]
[Result "1/2-1/2"]
[WhiteElo "2051"]
[BlackElo "2189"]
[PlyCount "64"]
[EventDate "2024.??.??"]
[SourceVersionDate "2023.09.04"]

1. d4 Nf6 2. c4 e6 3. Nf3 Bb4+ 4. Nbd2 O-O 5. a3 Bxd2+ 6. Qxd2 d6 7. b4 Nbd7 8. Bb2 Qe7 9. e3 b6 10. Be2 Bb7 11. O-O e5 12. d5 c6 13. dxc6 Bxc6 14. Rac1 Ne4 15. Qc2 f5 16. Nd2 Ng5 17. f3 Rf6 18. Nb3 Rg6 19. Kh1 Ne4 20. Bd3 Qh4 21. fxe4 Rh6 22. h3 fxe4 23. Be2 Qg3 24. Bd1 Qxe3 25. Qf2 Qg5 26. Qf7+ Kh8 27. b5 Qg3 28. Qf2 Rxh3+ 29. gxh3 e3+ 30. bxc6 Qxh3+ 31. Qh2 Qxf1+ 32. Qg1 Qh3+ 1/2-1/2

[Event "Essen-Werden - Aachen 2 "]
[Site "?"]
[Date "2024.01.28"]
[Round "5.5"]
[White "Huesmann, Thomas"]
[Black "Berger, Konstantin"]
[Result "1/2-1/2"]
[WhiteElo "2136"]
[BlackElo "2079"]
[PlyCount "97"]
[EventDate "2024.??.??"]
[SourceVersionDate "2023.09.04"]

1. e4 c5 2. Nf3 d6 3. Bb5+ Nd7 4. O-O Ngf6 5. Re1 e6 6. c3 a6 7. Bf1 Be7 8. d4 O-O 9. e5 Ne8 10. Bf4 b5 11. Nbd2 Bb7 12. Ne4 dxe5 13. dxe5 Nb6 14. Qc2 Nd5 15. Neg5 g6 16. Bd2 Ng7 17. Rad1 c4 18. Ne4 Qc7 19. Qc1 Rac8 20. Bg5 f6 21. exf6 Nxf6 22. Nxf6+ Bxf6 23. Bxf6 Rxf6 24. Ne5 Bd5 25. Ng4 Rf4 26. Ne3 Ba8 27. Qd2 Rcf8 28. f3 Qc5 29. Qd6 Qg5 30. Kh1 h5 31. b3 cxb3 32. axb3 h4 33. h3 a5 34. Ng4 Bd5 35. c4 bxc4 36. bxc4 Bxc4 37. Bxc4 Rxc4 38. Rxe6 Rc1 39. Ree1 Rxd1 40. Rxd1 a4 41. Qa6 Nf5 42. Qxa4 Ng3+ 43. Kh2 Qf4 44. Qxf4 Rxf4 45. Rd6 Kg7 46. Ne5 Rf6 47. Rxf6 Kxf6 48. Nd3 Ne2 49. Nc5 1/2-1/2

[Event "Essen-Werden - Aachen 2 "]
[Site "?"]
[Date "2024.01.28"]
[Round "5.6"]
[White "ter Steeg, Marcus"]
[Black "Breitkopf-Lazar, Patrick-Robert"]
[Result "1-0"]
[WhiteElo "1922"]
[BlackElo "1737"]
[PlyCount "115"]
[EventDate "2024.??.??"]
[SourceVersionDate "2023.09.04"]

1. d4 Nf6 2. c4 g6 3. Nc3 d5 4. Nf3 Bg7 5. Bg5 Ne4 6. Bh4 Nxc3 7. bxc3 O-O 8. cxd5 Qxd5 9. Bxe7 Re8 10. Ba3 Nd7 11. e3 c5 12. Qb3 Qf5 13. Be2 cxd4 14. cxd4 Nb6 15. Qb5 Bd7 16. Qxf5 Bxf5 17. O-O a6 18. Rfc1 Rac8 19. Rxc8 Rxc8 20. Rc1 Rxc1+ 21. Bxc1 Bb1 22. a3 Bf8 23. Nd2 Ba2 24. Bf3 Nd5 25. Kf1 b5 26. Ke1 Nc3 27. Ne4 Na4 28. Nf6+ Kg7 29. Bd5 Bb1 30. Ne8+ Kg8 31. Nc7 Nc3 32. Bc6 Na2 33. Bb2 b4 34. axb4 Nxb4 35. Bb7 Nd3+ 36. Kd1 Nxb2+ 37. Kc1 Nd3+ 38. Kxb1 a5 39. f4 g5 40. g3 gxf4 41. exf4 Bd6 42. Nd5 Kf8 43. Nb6 h5 44. Nc4 Bc7 45. Kc2 Nf2 46. h4 Ng4 47. Bf3 Nf6 48. Kb3 Ne8 49. Bxh5 Ng7 50. Bg4 f5 51. Bd1 Ne6 52. Kc3 Kf7 53. Ne3 Ng7 54. h5 Bd8 55. h6 Ne6 56. Bb3 a4 57. Ba2 Bf6 58. Nxf5 1-0

[Event "Essen-Werden - Aachen 2 "]
[Site "?"]
[Date "2024.01.28"]
[Round "5.7"]
[White "Jablonowski, Christoph"]
[Black "Huette, Stefan"]
[Result "0-1"]
[WhiteElo "2023"]
[BlackElo "2041"]
[PlyCount "102"]
[EventDate "2024.??.??"]
[SourceVersionDate "2023.09.04"]

1. d4 d5 2. c4 e6 3. Nf3 Nf6 4. g3 c6 5. Bg2 Be7 6. O-O O-O 7. Qc2 Nbd7 8. Nbd2 b6 9. e4 dxe4 10. Nxe4 Bb7 11. Rd1 Qc8 12. Nxf6+ Nxf6 13. c5 Nd5 14. a3 Rd8 15. Ne5 f6 16. Nd3 Re8 17. Bh3 f5 18. Nf4 bxc5 19. dxc5 g6 20. Bg2 Bf6 21. h4 Qd7 22. h5 e5 23. Nxd5 cxd5 24. hxg6 hxg6 25. Be3 Rad8 26. Qd2 Bc6 27. Bg5 Kf7 28. Bxf6 Kxf6 29. b4 d4 30. f3 Rh8 31. a4 Bxa4 32. Re1 Bb5 33. Rxe5 d3 34. Rae1 Qd4+ 35. Kf1 Rhe8 36. f4 Rxe5 37. fxe5+ Kg7 38. e6 a5 39. bxa5 Qxc5 40. e7 Re8 41. Bf3 Kf7 42. Kg2 Rxe7 43. Rc1 Qe5 44. Qb4 Ba6 45. Rc5 Qa1 46. Rc3 Qe1 47. Bd5+ Kg7 48. Qd4+ Qe5 49. Qxe5+ Rxe5 50. Rc7+ Kh6 51. Rd7 Rxd5 0-1

[Event "Essen-Werden - Aachen 2 "]
[Site "?"]
[Date "2024.01.28"]
[Round "5.8"]
[White "Claussen, Uwe"]
[Black "Winkels, Marcel"]
[Result "1-0"]
[WhiteElo "2087"]
[BlackElo "1901"]
[PlyCount "129"]
[EventDate "2024.??.??"]
[SourceVersionDate "2023.09.04"]

1. d4 Nf6 2. e3 g6 3. Be2 Bg7 4. h4 h5 5. c4 c5 6. Nf3 O-O 7. Nc3 d5 8. dxc5 Qa5 9. O-O dxc4 10. Bxc4 Qxc5 11. Qb3 Nc6 12. Ng5 Ne5 13. Be2 Bd7 14. Bd2 Qc7 15. Rac1 Bc6 16. Rfd1 Rad8 17. Be1 Rxd1 18. Rxd1 a6 19. f3 Nfd7 20. a3 Qb6 21. Qxb6 Nxb6 22. b3 Rc8 23. e4 Ned7 24. Nd5 Bxd5 25. exd5 Be5 26. Bb4 Nc5 27. Ne4 Nxb3 28. f4 Bd4+ 29. Kh2 Nxd5 30. Bxe7 Nxf4 31. Nd6 Rc7 32. Bc4 Rxe7 33. Bxb3 Ne6 34. g3 Bc5 35. Ne4 Bxa3 36. Nf6+ Kg7 37. Nd5 Rd7 38. Rf1 Nc5 39. Ba2 Ne4 40. Kh3 Bb2 41. Nb6 Rd2 42. Rxf7+ Kh6 43. Nc4 Re2 44. Rxb7 Bd4 45. Bb1 Bg1 46. Rb2 Re1 47. Kg2 Bd4 48. Rb7 Rg1+ 49. Kf3 Nc5 50. Rb6 Rf1+ 51. Kg2 Rf2+ 52. Kh3 Rf6 53. Rb8 Na4 54. Rd8 Ba1 55. Nd6 Be5 56. Nc4 Bc3 57. Kg2 Ba1 58. Nd6 Nc3 59. Bd3 a5 60. Rd7 Nd1 61. Nf7+ Kg7 62. Ng5+ Kg8 63. Bc4+ Kf8 64. Rxd1 Rc6 65. Rxa1 1-0

[Event "Krefeld - Iserlohn"]
[Site "?"]
[Date "2024.01.28"]
[Round "5.1"]
[White "Scheider, Julian"]
[Black "Gutkin, Ilya"]
[Result "0-1"]
[WhiteElo "2307"]
[BlackElo "2289"]
[PlyCount "64"]
[EventDate "2024.??.??"]
[SourceVersionDate "2023.09.04"]

1. e4 e6 2. d4 d5 3. Nc3 Nf6 4. e5 Nfd7 5. f4 c5 6. Nf3 a6 7. Be3 Nc6 8. Qd2 b5 9. a3 g5 10. fxg5 cxd4 11. Nxd4 Ncxe5 12. Be2 Bg7 13. O-O Bb7 14. Bh5 O-O 15. b3 Qe7 16. Rf2 Rac8 17. Nce2 Nc5 18. Ng3 Ne4 19. Nxe4 dxe4 20. Qb4 Qxb4 21. axb4 Rfd8 22. Raf1 Rd7 23. h4 Ng6 24. Rd2 Rc3 25. Nxe6 Rxd2 26. Bxd2 fxe6 27. Bxc3 Bxc3 28. g3 Bd4+ 29. Kh2 Bd5 30. Be2 Ne5 31. Rd1 Bc3 32. Kh3 e3 0-1

[Event "Krefeld - Iserlohn"]
[Site "?"]
[Date "2024.01.28"]
[Round "5.2"]
[White "Ricken, Katharina"]
[Black "Eckardt, Joshua"]
[Result "1/2-1/2"]
[WhiteElo "2183"]
[BlackElo "2254"]
[PlyCount "31"]
[EventDate "2024.??.??"]
[SourceVersionDate "2023.09.04"]

1. Nf3 Nf6 2. g3 c5 3. c4 d5 4. cxd5 Nxd5 5. Bg2 Nc6 6. d4 cxd4 7. Nxd4 Ndb4 8. Nxc6 Qxd1+ 9. Kxd1 Nxc6 10. Nc3 Bd7 11. f4 g6 12. Be3 Bg7 13. Rc1 O-O 14. Ke1 Rac8 15. Kf2 Rfd8 16. Rhd1 1/2-1/2

[Event "Krefeld - Iserlohn"]
[Site "?"]
[Date "2024.01.28"]
[Round "5.3"]
[White "Schulze, Marc"]
[Black "Hopman, Pieter"]
[Result "1-0"]
[WhiteElo "2216"]
[BlackElo "2299"]
[PlyCount "77"]
[EventDate "2024.??.??"]
[SourceVersionDate "2023.09.04"]

1. c4 e5 2. Nc3 Bb4 3. Nf3 Nc6 4. Qc2 Nf6 5. a3 Bxc3 6. Qxc3 d6 7. d4 e4 8. Nd2 O-O 9. e3 Qe7 10. b4 Ng4 11. d5 Nb8 12. h3 Nh6 13. Bb2 f5 14. Qd4 Nd7 15. Be2 Ne5 16. O-O a5 17. c5 axb4 18. axb4 Rxa1 19. Rxa1 Qg5 20. cxd6 cxd6 21. Qb6 Nhf7 22. Ra8 Qe7 23. Nb3 Ng6 24. Qd4 Nfe5 25. Qc3 Bd7 26. Rxf8+ Kxf8 27. Qc7 f4 28. Bxe5 Nxe5 29. exf4 Nd3 30. Qb8+ Be8 31. Nd4 Nxf4 32. Bb5 Nxd5 33. Bxe8 Qxe8 34. Qxd6+ Ne7 35. Ne6+ Kg8 36. Qe5 Qg6 37. Qb8+ Kf7 38. Nd8+ Ke8 39. Nc6+ 1-0

[Event "Krefeld - Iserlohn"]
[Site "?"]
[Date "2024.01.28"]
[Round "5.4"]
[White "Kabos, Tobias"]
[Black "Messarius, Juergen"]
[Result "1/2-1/2"]
[WhiteElo "2284"]
[BlackElo "2177"]
[PlyCount "45"]
[EventDate "2024.??.??"]
[SourceVersionDate "2023.09.04"]

1. e4 c5 2. Nf3 d6 3. Bb5+ Nd7 4. c3 Ngf6 5. Qe2 e6 6. d4 cxd4 7. cxd4 Be7 8. Nc3 O-O 9. O-O a6 10. Bd3 e5 11. dxe5 dxe5 12. Rd1 b5 13. Nh4 b4 14. Nb1 Re8 15. Nf5 Bf8 16. Bg5 h6 17. Bh4 Qb6 18. Ne3 Nc5 19. Bxf6 Qxf6 20. Nd5 Qg6 21. Nd2 Ne6 22. Nf3 Qh5 23. Nd4 1/2-1/2

[Event "Krefeld - Iserlohn"]
[Site "?"]
[Date "2024.01.28"]
[Round "5.5"]
[White "Kind, Bertram"]
[Black "Panjer, Sidney"]
[Result "1/2-1/2"]
[WhiteElo "2167"]
[BlackElo "2069"]
[PlyCount "34"]
[EventDate "2024.??.??"]
[SourceVersionDate "2023.09.04"]

1. e4 e5 2. Nf3 Nc6 3. Bc4 Bc5 4. O-O Nf6 5. d3 d6 6. c3 a6 7. b4 Ba7 8. Be3 O-O 9. Bxa7 Rxa7 10. Nbd2 h6 11. a4 Ne7 12. Qc2 Ng6 13. d4 Qe7 14. Rfe1 Kh7 15. Nf1 Ra8 16. Ne3 exd4 17. Nf5 Qd8 1/2-1/2

[Event "Krefeld - Iserlohn"]
[Site "?"]
[Date "2024.01.28"]
[Round "5.6"]
[White "Reuter, Julian-Frank"]
[Black "Glatzel, Jonas"]
[Result "0-1"]
[WhiteElo "2062"]
[BlackElo "2050"]
[PlyCount "68"]
[EventDate "2024.??.??"]
[SourceVersionDate "2023.09.04"]

1. Nf3 Nf6 2. g3 g6 3. b3 Bg7 4. Bb2 d5 5. Bg2 O-O 6. c4 c6 7. O-O Bf5 8. d3 Re8 9. h3 Qc8 10. Kh2 Ng4+ 11. hxg4 Bxb2 12. gxf5 Bxa1 13. d4 Qxf5 14. Qd2 e5 15. e3 exd4 16. exd4 c5 17. dxc5 dxc4 18. Na3 Qxc5 19. b4 Qh5+ 20. Kg1 Bf6 21. Nxc4 Nc6 22. Qf4 Qf5 23. Qxf5 gxf5 24. b5 Nd4 25. Nxd4 Bxd4 26. Bxb7 Rad8 27. Bf3 Bc3 28. a4 Rd4 29. Ne3 Rxa4 30. Bc6 Re6 31. Nxf5 Ra1 32. Rxa1 Bxa1 33. Ne3 Bd4 34. Bd5 Re5 0-1

[Event "Krefeld - Iserlohn"]
[Site "?"]
[Date "2024.01.28"]
[Round "5.7"]
[White "Klauke, Stefan"]
[Black "Van Gool, Rudi"]
[Result "1/2-1/2"]
[WhiteElo "2075"]
[BlackElo "2144"]
[PlyCount "41"]
[EventDate "2024.??.??"]
[SourceVersionDate "2023.09.04"]

1. e4 e6 2. d4 d5 3. Nc3 dxe4 4. Nxe4 Bd7 5. Nf3 Bc6 6. Bd3 Nd7 7. O-O Ngf6 8. Qe2 Be7 9. c4 Bxe4 10. Bxe4 Nxe4 11. Qxe4 c6 12. b3 O-O 13. Bb2 Qa5 14. a3 Rad8 15. h3 Bf6 16. Rad1 Qa6 17. Qe2 b5 18. d5 exd5 19. cxd5 cxd5 20. Rxd5 Bxb2 21. Qxb2 1/2-1/2

[Event "Krefeld - Iserlohn"]
[Site "?"]
[Date "2024.01.28"]
[Round "5.8"]
[White "Terhuven, Patrick"]
[Black "Franz, Christian"]
[Result "1-0"]
[WhiteElo "2130"]
[BlackElo "2040"]
[PlyCount "145"]
[EventDate "2024.??.??"]
[SourceVersionDate "2023.09.04"]

1. Nf3 Nf6 2. g3 g6 3. b3 Bg7 4. Bb2 O-O 5. Bg2 d5 6. c4 c6 7. O-O Na6 8. d4 Be6 9. Nbd2 Re8 10. Re1 Rc8 11. Rc1 h6 12. a3 Kh7 13. c5 Nc7 14. b4 Ne4 15. Nb3 Rb8 16. Ne5 f6 17. Nd3 Qc8 18. Nf4 Bf7 19. f3 Ng5 20. h4 Nge6 21. Bh3 Qd8 22. Nd3 Nf8 23. Qc2 h5 24. f4 Be6 25. f5 Bxf5 26. Bxf5 gxf5 27. Nf4 e6 28. Nxh5 Bh6 29. e3 Nd7 30. Nf4 Qe7 31. Kf2 Rg8 32. Rg1 Rg4 33. Nd2 Rbg8 34. Rg2 Bxf4 35. exf4 Qg7 36. Rcg1 Nf8 37. Nf1 Kh8 38. Ne3 Rg6 39. h5 Rh6 40. g4 Qh7 41. Qe2 Ne8 42. Nxf5 exf5 43. Qxe8 fxg4 44. Rxg4 Qc2+ 45. Qe2 Qxe2+ 46. Kxe2 Rxg4 47. Rxg4 Rxh5 48. Bc1 Kh7 49. Rg3 Ng6 50. Kf3 Rh1 51. Bd2 f5 52. Kf2 Kg7 53. a4 Kf6 54. b5 Ra1 55. bxc6 bxc6 56. a5 Ra2 57. Ke1 Ra4 58. Rb3 Ke6 59. Rb7 Rxd4 60. Rxa7 Re4+ 61. Kd1 d4 62. a6 Kd5 63. Rg7 Nh4 64. a7 Re8 65. Rb7 Ra8 66. Ba5 Ng2 67. Bb6 Ne3+ 68. Kc1 Rh8 69. Rb8 Rh1+ 70. Kd2 Kc4 71. a8=Q Rh2+ 72. Ke1 d3 73. Qa4+ 1-0